Increasing Biggest Cities #009 - Australia - Statistics

General Stats
  • This quiz has been taken 22 times
  • The average score is 10 of 13
Answer Stats
Population City % Correct
4 196 201 Melbourne
100%
4 321 534 Sydney
100%
1 165 639 Adelaide
95%
2 054 616 Brisbane
95%
1 874 577 Perth
95%
432 141 Canberra
85%
600 334 Gold Coast
85%
178 005 Hobart
70%
243 377 Sunshine Coast
65%
322 279 Newcastle
60%
261 897 Wollongong
60%
168 726 Townsville
50%
307 740 Central Coast
35%
No matching quizzes found
Score Distribution
Percent of People with Each Score
Percentile by Number Answered
Your Score History
You have not taken this quiz